The Greatest Villains - Statistics

General Stats
  • This quiz has been taken 33 times
    5 since last reset
  • The average score is 73 of 100
Answer Stats
Picture Answer % Correct
Chucky
100%
Cruella de Vil
100%
Darth Vader
100%
Doctor Octopus
100%
Freddy Krueger
100%
Ghostface
100%
Godzilla
100%
Green Goblin
100%
Hannibal Lecter
100%
Harley Quinn
100%
Jason Voorhees
100%
King Kong
100%
Kingpin
100%
Leatherface
100%
Lex Luthor
100%
Loki
100%
Maleficent
100%
Michael Myers
100%
Patrick Bateman
100%
Pennywise
100%
Predator
100%
Scar
100%
Thanos
100%
The Grinch
100%
The Joker
100%
Two Face
100%
Venom
100%
Voldemort
100%
Agent Smith
75%
Alex DeLarge
75%
Annie Wilkes
75%
Anton Chigurh
75%
Audrey II
75%
Auric Goldfinger
75%
Bane
75%
Beetlejuice
75%
Biff Tannen
75%
Bowser
75%
Candyman
75%
Carnage
75%
Commodus
75%
Count Dooku
75%
Count Dracula
75%
Davy Jones
75%
Dr. Doom
75%
Dr. Evil
75%
Dr. No
75%
Electro
75%
Emperor Palpatine
75%
Ernst Stavro Blofeld
75%
Frankenstein's Monster
75%
Gollum
75%
HAL 9000
75%
Hans Gruber
75%
Jack Torrance
75%
John Doe
75%
Khan Noonien Sing
75%
Le Chiffre
75%
Mr. Burns
75%
Mysterio
75%
Norman Bates
75%
Nurse Ratched
75%
Penguin
75%
President Snow
75%
Riddler
75%
Sandman
75%
Sauron
75%
Sideshow Bob
75%
Skeletor
75%
Syndrome
75%
The Terminator
75%
The Terminator
75%
The Thing
75%
Ultron
75%
Wicked Witch of the West
75%
Xenomorph
75%
Amon Göth
50%
Dr. Zaius
50%
General Grievous
50%
Hans Landa
50%
Imhotep
50%
Jim Moriarty
50%
Keyser Söze
50%
King Ghidorah
50%
Oogie Boogie
50%
Raoul Silva
50%
René Belloq
50%
Saruman the White
50%
Tony Montana
50%
Vito Corleone
50%
Warden Norton
50%
Christof
25%
Col. Jessep
25%
Count Orlok
25%
Jules Winnfield
25%
Scarecrow
25%
Tyler Durden
25%
Vincent Vega
25%
Johnny Lawrence
0%
Snidely Whiplash
0%
No matching quizzes found
Score Distribution
Percent of People with Each Score
Percentile by Number Answered
Your Score History
You have not taken this quiz since the last reset